All Tyla Yaweh Songs - Statistics

General Stats
  • This quiz has been taken 19 times
    14 since last reset
  • The average score is 9 of 17
Answer Stats
Album Song % Correct
Single #7 Hands Up
78%
Single #4 Stuntin' On You
78%
Single #3 Tommy Lee
78%
Single #5 All the Smoke
67%
Heart Full of Rage Salute
67%
Heart Full of Rage Wraith Skating
67%
Heart Full of Rage High Right Now
56%
Single #2 I Think I Luv Her
56%
Heart Full of Rage Adderall
44%
Heart Full of Rage Ain't What It Seems
44%
Single #6 Back Outside
44%
Heart Full of Rage Chiquita
44%
Heart Full of Rage Gemini
44%
Heart Full of Rage Novacane
44%
Heart Full of Rage They Ain't You
44%
Single Understand Me
44%
Heart Full of Rage Who Shot Johnny?
44%
No matching quizzes found
Score Distribution
Percent of People with Each Score
Percentile by Number Answered
Your Score History
You have not taken this quiz since the last reset